Statistiques concernant Personnages de dessins animés en images - T

Cliquez ici pour prendre le quiz!

Statistiques générales

  • Ce quiz a été pris 267 fois
  • Le résultat moyen est 12 sur 16

Statistiques - réponses

Réponse% Correct
Tarzan
100%
Titeuf
100%
Tintin
98%
Tigrou
97%
L'Âne Trotro
96%
Turbo
88%
Tristesse
87%
Timon
86%
Tic et Tac
85%
Tiana
81%
Timide
77%
Tao
65%
Roi Triton
59%
Toulouse
47%
Taram
36%
Tamatoa
26%

Distribution des résultats

Percentile par nombre de réponses

% des personnes avec chaque résultat

Votre développement - résultats

Vous n’avez pas pris ce quiz